Gimme a 'C' Quiz Stats

Quiz Updated Jan 5, 2016

Also try: Gimme a 'B'
Challenge
Share
Tweet
Embed
Score 0/40 Timer 08:00
1 Play Today
% Correct
California
94.6%
Colorado
88%
Connecticut
85.5%
North Carolina
83%
South Carolina
82.9%
Catcher
82.6%
Pitcher
74.6%
Michigan
70.2%
Center Fielder
65.8%
Massachusetts
65.7%
Kentucky
65.3%
New Mexico
63.6%
Wisconsin
63.4%
Second Baseman
59.5%
Adjective
58.9%
Isosceles
54.7%
Challenger
54.2%
Cindy
53%
Marcia
51.5%
Carol
50.6%
% Correct
Casino Royale
49.7%
Conjunction
48%
Alice
45.6%
Octopussy
42.6%
Columbia
36.4%
Acute
35.6%
Lance Bass
35.3%
Quantum of Solace
30.8%
Scalene
28.5%
Spectre
26.2%
Interjection
23.5%
Discovery
22.1%
Chris Kirkpatrick
21.9%
You Only Live Twice
21.6%
JC Chasez
21.6%
On Her Majesty's Secret Service
19.2%
Licence to Kill
16.2%
A Feast for Crows
11.3%
A Clash of Kings
11.2%
A Dance with Dragons
10.3%

You're not logged in!

Compare scores with friends on all Sporcle quizzes.
Sign Up with Email
OR
Log In

You Might Also Like...

Show Comments

Extras

Top Quizzes Today


Score Distribution

Your Account Isn't Verified!

In order to create a playlist on Sporcle, you need to verify the email address you used during registration. Go to your Sporcle Settings to finish the process.

Report this User

Report this user for behavior that violates our Community Guidelines.

Details: